<?xml version="1.0" encoding="UTF-8"?>
<collection xmlns="http://www.loc.gov/MARC21/slim">
  <record>
    <leader>00000nam  2200000   4500</leader>
    <controlfield tag="001">INLIS000000000000378</controlfield>
    <controlfield tag="005">20190415105018</controlfield>
    <datafield tag="035" ind1="#" ind2="#">
      <subfield code="a">0010-0718000378</subfield>
    </datafield>
    <controlfield tag="008">190415################g##########0#ind##</controlfield>
    <datafield tag="020" ind1="#" ind2="#">
      <subfield code="a">9786022411642</subfield>
    </datafield>
    <datafield tag="041" ind1=" " ind2=" ">
      <subfield code="a">id</subfield>
    </datafield>
    <datafield tag="082" ind1="#" ind2="#">
      <subfield code="a">150</subfield>
    </datafield>
    <datafield tag="090" ind1=" " ind2=" ">
      <subfield code="a">153 Lin p</subfield>
    </datafield>
    <datafield tag="100" ind1=" " ind2="#">
      <subfield code="a">Ling, Jonathan</subfield>
    </datafield>
    <datafield tag="700" ind1=" " ind2="#">
      <subfield code="a">Calting, Jonathan</subfield>
    </datafield>
    <datafield tag="245" ind1="1" ind2="#">
      <subfield code="a">Psikologi Kognitif /</subfield>
      <subfield code="c">Jonathan Ling</subfield>
    </datafield>
    <datafield tag="250" ind1="#" ind2="#">
      <subfield code="a">ed.1</subfield>
    </datafield>
    <datafield tag="260" ind1="#" ind2="#">
      <subfield code="a">Jakarta :</subfield>
      <subfield code="b">Penerbit Erlangga,</subfield>
      <subfield code="c">2012</subfield>
    </datafield>
    <datafield tag="300" ind1="#" ind2="#">
      <subfield code="a">xi; 259 hlm. :</subfield>
      <subfield code="b">ilus ;</subfield>
      <subfield code="c">24 cm</subfield>
    </datafield>
    <datafield tag="650" ind1=" " ind2="#">
      <subfield code="a">Psikologi Kognitif</subfield>
    </datafield>
    <datafield tag="084" ind1="#" ind2="#">
      <subfield code="a">150 Lin p</subfield>
    </datafield>
    <datafield tag="520" ind1="#" ind2="#">
      <subfield code="a">Seri Belajar Cepat Psikologi ini akan membantu Anda konsep-konsep kunci secara cepat, menelaahnya secara efektif, sehingga memampukan Anda menghadapi ujian dengan percaya diri. Setiap judul dalam Seri Belajar Cepat Psikologi ini berguna sebagai penunjuk jalan: memberikan ikhtiar kuliah psikologi Anda, membantu Anda merumuskan gagasan-gagasan, dan menyajikan berbagai hal yang paling penting untuk Anda baca. Buku ini dibahas berbagai konsep, teori, dan penelitian utama yang mencakup: Sejarah Singkat psikologi kognitif, Pesepsi, Atensi, Teori-teori Memori, Aspek-aspek terapan memori, Kognisi dan emosi, Neuropsikologi kognitif, Penyelesaian masalah, berfikir dan penalaran, belajar, intelengensi manusia dan komputer.</subfield>
    </datafield>
    <datafield tag="856" ind1="#" ind2="#">
      <subfield code="a">Perpustakaan Lembaga Administrasi Negara</subfield>
    </datafield>
    <datafield tag="990" ind1="#" ind2="#">
      <subfield code="a">150117446</subfield>
    </datafield>
    <datafield tag="990" ind1="#" ind2="#">
      <subfield code="a">141217100</subfield>
    </datafield>
  </record>
</collection>
